Vplyv vysokej inflácie na nízkopríjmové domácnosti v krajinách eurozóny diplomová práca

Salvato in:
Dettagli Bibliografici
Autore principale: Šromovský, Filip
Ente Autore: Národohospodárska fakulta EU. Katedra bankovníctva a medzinárodných financií
Altri autori: Kotlebová, Jana, 1969-
Natura: Libro
Lingua:slovacco
Pubblicazione: Bratislava 2024
Tags: Aggiungi Tag
Nessun Tag, puoi essere il primo ad aggiungerne!!

MARC

LEADER 00000nbm a2200000 4500
001 0300773
005 20241104145528.0
041 0 |a slo 
044 |a SK 
245 1 0 |a Vplyv vysokej inflácie na nízkopríjmové domácnosti v krajinách eurozóny  |b diplomová práca  |c Filip Šromovský ; školiteľ: Jana Kotlebová 
264 1 |a Bratislava  |c 2024 
300 |a 89 s. 
100 1 |a Šromovský, Filip 
700 1 |a Kotlebová, Jana, 1969- 
710 2 |a Národohospodárska fakulta EU. Katedra bankovníctva a medzinárodných financií